00426nam a2200181Ia 4500008004100000020001800041245002200059245003200081260001500113260001600128260000900144300001600153300002500169300001000194440002600204440000600230500000800236170705s9999 xx 000 0 und d a9780590426893 aSurprise island / cGertrude Chandler Warner ;  aNew York : bScholastic, c1977 a178 pages : bcolor illustration ; c19cm. aThe boxcar children ; v2 a530